Science Quiz

Random Science or Clickable Quiz

Click a Herbivore Quiz Stats

 Plays Quiz Updated Dec 23, 2018

Challenge
Share
Tweet
Embed
Score 0/20 Timer 03:00
10 Plays Today
% Correct
Sheep
93.3%
Rabbit
92.8%
Deer
92.7%
Cow
92.6%
Horse
92.3%
Zebra
90.9%
Gazelle
89.7%
Camel
88.5%
Elephant
88.4%
Giraffe
88.2%
% Correct
Goat
87.1%
Koala
85.8%
Moose
84.7%
Guinea Pig
82.4%
Buffalo
82%
Kangaroo
79.6%
Beaver
74.3%
Rhinoceros
70.2%
Hippopotamus
68%
Dugong
56.6%

You're not logged in!

Compare scores with friends on all Sporcle quizzes.
OR
Log In

You Might Also Like...

Show Comments

Extras

Top Quizzes Today


Score Distribution

Your Account Isn't Verified!

In order to create a playlist on Sporcle, you need to verify the email address you used during registration. Go to your Sporcle Settings to finish the process.

Report this User

Report this user for behavior that violates our Community Guidelines.

Details: